| 000 | 00958nas a2200301 4500 | ||
|---|---|---|---|
| 001 | BR2014005142 | ||
| 003 | BR-BrBNA | ||
| 005 | 20231205124405.0 | ||
| 007 | ta | ||
| 008 | 230509b bl.|||p| |||| 00| 00por d | ||
| 040 |
_aBR-BrBNA _bpor _cBiblioteca Nacional de Agricultura |
||
| 041 | _a(Pt) | ||
| 072 | _aP35; F04; F61 | ||
| 100 | 1 | _aFreire, J.L. de O. | |
| 100 | 1 | _aDias, T.J. | |
| 100 | 1 | _aCavalcante, L.F. | |
| 100 | 1 | _aFernandes, P.D. | |
| 100 | 1 | _aLima Neto, A.J. de | |
| 245 | 1 | _aRendimento quântico e trocas gasosas em maracujazeiro amarelo sob salinidade hídrica, biofertilização e cobertura morta | |
| 650 | _aMARACUJÁ | ||
| 650 | _aSALINIDADE | ||
| 650 | _aBIOFERTILIZANTE | ||
| 650 | _aCOBERTURA MORTA | ||
| 650 | _aFOTOSSÍNTESE | ||
| 773 | 0 |
_tRevista Ciência Agronômica (Brazil) _xISSN 0045-6888 _g(Jan-Mar 2014), v. 45(1) p. 82-94 _wBR2014005142 |
|
| 909 |
_a202311 _bLúcia _c55 _dLúcia Elande |
||
| 942 |
_2AGRIS _n0 _cANA |
||
| 999 |
_c238820 _d238820 |
||